Derrotero de las costas de España y de Portugal (Record no. 163572)

MARC details
000 -LEADER
campo de control de longitud fija 00720nam a22001815i 4500
001 - NÚMERO DE CONTROL
campo de control 163572
003 - IDENTIFICADOR DE NÚMERO DE CONTROL
campo de control ES-MaACL
005 - FECHA Y HORA DE LA ÚLTIMA TRANSACCIÓN
campo de control 20230906212752.0
008 - DATOS DE LONGITUD FIJA--INFORMACIÓN GENERAL
campo de control de longitud fija 980720s1867 sp |||| | spa d
040 ## - FUENTE DE CATALOGACIÓN
Centro catalogador/agencia de origen AS
Lengua de catalogación spa
Centro/agencia transcriptor AS
100 1# - ENTRADA PRINCIPAL--NOMBRE DE PERSONA
Nombre de persona Riudavets y Tudury, Pedro.
9 (RLIN) 131843
245 10 - MENCIÓN DEL TÍTULO
Título Derrotero de las costas de España y de Portugal
Resto del título : desde el cabo Trafalgar hasta el puerto de La Coruña /
Mención de responsabilidad, etc. redactado por Pedro Riudavets y Tudury.
260 ## - PUBLICACIÓN, DISTRIBUCIÓN, ETC.
Lugar de publicación, distribución, etc. Madrid :
Nombre del editor, distribuidor, etc. Dirección de Hidrografía,
Fecha de publicación, distribución, etc. 1867 (
Fabricante Imprenta de T. Fortanet)
300 ## - DESCRIPCIÓN FÍSICA
Extensión XV, 634 p., XII h. de lám. pleg. ;
Dimensiones 24 cm.
650 #4 - PUNTO DE ACCESO ADICIONAL DE MATERIA--TÉRMINO DE MATERIA
Término de materia o nombre geográfico como elemento de entrada Derroteros-
Subdivisión geográfica España.
9 (RLIN) 135905
650 #4 - PUNTO DE ACCESO ADICIONAL DE MATERIA--TÉRMINO DE MATERIA
Término de materia o nombre geográfico como elemento de entrada Derroteros-
Subdivisión geográfica Portugal.
9 (RLIN) 135907
852 ## - LOCALIZACIÓN
Ubicación ES-MaACL
Número de control de estantería G-11301
Nota libre -- Enc. hol.
Holdings
Estatus retirado Estado de pérdida Estado de daño No para préstamo Colección Biblioteca de origen Biblioteca actual Ubicación en estantería Fecha de adquisición Fuente de adquisición Total de préstamos Signatura topográfica completa Código de barras Visto por última vez Precio de reemplazo Tipo de ítem Koha
        Libros del s. XIX Biblioteca del Ateneo de Madrid Biblioteca del Ateneo de Madrid Sala Pecera Planta 3 17/01/2008     G-11301 1171409 23/02/2023 23/02/2023 Libro impreso antiguo